Five Countries With the Lowest Unemployment by Continent - Statistics

General Stats
  • This quiz has been taken 35 times
  • The average score is 13 of 32
Answer Stats
Continent Unemployment Rate Country % Correct
North America 1.70% Cuba
77%
South America 7.40% Peru
71%
South America 7.50% Paraguay
68%
South America 6.10% Ecuador
65%
Europe 3.70% United Kingdom
65%
Oceania 4.30% Fiji
58%
Europe 3.80% (tie) Germany
58%
Europe 2.00% Liechtenstein
55%
Europe 3.80% (tie) Netherlands
55%
Oceania 0.70% Solomon Islands
55%
South America 3.20% Guyana
52%
Oceania 1.40% Palau
52%
Oceania 3.10% Tonga
52%
South America 5.00% Venezuela
52%
North America 4.50% Mexico
48%
Oceania 2.60% Papua New Guinea
48%
Asia 0.10% Qatar
45%
Asia 1.20% Bahrain
42%
North America 3.20% Trinidad and Tobago
42%
North America 0.10% El Salvador
39%
North America 2.20% Guatemala
39%
Europe 3.20% Poland
39%
Europe 2.50% Czech Republic
23%
Africa 1.30% Malawi
19%
Africa 1.60% Mali
16%
Africa 1.50% Benin
13%
Africa 1.10% Chad
13%
Europe 3.80% (tie) Moldova
13%
Africa 1.80% Madagascar
10%
Asia 1.20% Cambodia
6%
Asia 1.10% Thailand
6%
Asia 0.50% Myanmar
3%
No matching quizzes found
Score Distribution
Percent of People with Each Score
Percentile by Number Answered
Your Score History
You have not taken this quiz